000
00324 a2200145 4500
001
161750
020
_a
040
_c
Magnum
100
_a
Pbh
240
1
0
_a
Dicionario do alimento: hortalicas e frutas
_l
por
245
1
0
_a
Dicionario do alimento: hortalicas e frutas
362
0
_a
1899
697
_a
GERAL
942
_c
BK
999
_c
161750
_d
161750